Nariadenie vlády Slovenskej republiky Č. 525/2004 Z.z. z 22. septembra 2004, ktorým sa ustanovuje výška minimálnej mzdy

Stanovenie výšky minimálnej mzdy + Dôvodová správa k tomuto nariadeniu vlády.

Enregistré dans:
Détails bibliographiques
Format: Chapitre de livre
Langue:slovaque
Sujets:
Tags: Ajouter un tag
Pas de tags, Soyez le premier à ajouter un tag!

MARC

LEADER 00000naa$a2200000$$$4500
001 0021513
005 20231106070423.8
041 0 |a slo 
044 |a SK 
245 1 0 |a Nariadenie vlády Slovenskej republiky Č. 525/2004 Z.z. z 22. septembra 2004, ktorým sa ustanovuje výška minimálnej mzdy 
520 |a Stanovenie výšky minimálnej mzdy + Dôvodová správa k tomuto nariadeniu vlády. 
610 2 0 |a mzdy minimálne 
610 2 0 |a Slovensko 
610 2 0 |a zákony 
610 2 0 |a 2004 
610 2 0 |a správy dôvodové